000 00609nam a2200205 a 4500
003 PILC
005 20160215084845.0
008 121015s19uu xx 00 eng d
020 _a9781405181785
050 _aBF 692.5
_b.K34 2009
100 _aKahn, Jack S.
245 _aAn introduction to masculinities /
_cJack S. Kahn.
260 _aChichester, UK :
_bWiley-Blackwell,
_c2009.
300 _axvi, 408 pages :
_billustrations ;
_c25 cm.
500 _aIncludes bibliographical references and index.
650 _aMasculinity.
650 _aMen
_xPsychology.
942 _cBK
_2lcc
_kFOR
999 _c22421
_d22421